Mélanges historiques et politiques, suivis de la vie de Rancé (Запис номер 430993)
[ съкратено ]
| 000 -Лидер | |
|---|---|
| Контролно поле с фиксирана дължина | nam a22 a 4500 |
| 003 - Код на организацията, давaща контролен номер | |
| Контролно поле | BLK |
| 005 - Дата и час на последна редакция | |
| Контролно поле | 20210902151028.0 |
| 008 - Елементи от данни с фиксирана дължина | |
| fixed length control field | 210710b bu |||||r|||| 00| | bu d |
| 040 ## - Източник на каталожния запис | |
| Идентификатор на билиотеката - собственик на записа | BLK |
| 041 ## - Код за език | |
| Код за езика на текст/звукозапис или на отделно заглавие | Френски |
| Код за езика КДБФ | Френски |
| 080 ## - УДК | |
| Текстов определител УДК | Обща световна история. История на света |
| УДК код - определител по УДК | 94(100) |
| УДК - код + определител | 94(100) |
| 100 ## - Редна дума - Автор | |
| R(LIN) | 1299 |
| Автор | Chateaubriand, Francois-Rene de |
| Авторска отговорност | първи автор |
| 139 ## - Редно поле | |
| Редна дума | Chateaubriand, Francois-Rene de |
| 245 ## - Сведения за заглавието | |
| Заглавие | Mélanges historiques et politiques, suivis de la vie de Rancé |
| Редно поле (дума) | Chateaubriand |
| 260 ## - Област на издателските данни | |
| 9 (RLIN) | 211270 |
| Място на издаване, разпространение и проч. | Paris |
| Име на издателя, разпространителя и проч. | Libr. Garnier freres |
| Година на издаване | 1874 |
| 300 ## - Физическа характеристика | |
| Размери/Мащаб | 19 cm |
| Страници | 558 p. |
| 380 ## - Жанр | |
| Жанр | История |
| 650 #0 - Допълнително описание по предмет – тема | |
| 9 (RLIN) | 247294 |
| Основно описание – тема или топоним | Политически учения - история |
| 653 #7 - Ключова дума – ненормативна | |
| 9 (RLIN) | 187874 |
| Ключова дума | исторически извори |
| 760 ## - Описание на основната серия | |
| Редна дума на основното описание | Chateaubriand, Francois-Rene de |
| Място на издаване, издател и година | Paris, 1930 |
| Страници - том | 192 p. |
| Част - том | T. 3 Memoires d outre-tombe |
| Заглавие | Oeuvres choisies |
| 852 ## - Местоположение | |
| Форматна сигнатура | Цб 8.180.49388 |
| Фондова буква | Хранилище |
| 999 ## - СИСТЕМНИ КОНТРОЛНИ НОМЕРА | |
| Koha biblionumber | 430993 |
| Koha biblioitemnumber | 430993 |
| 942 ## - АРТИКУЛИ | |
| Вид на библиотечния материал | Книги |
| Скрит в OPAC | Не |
| Периодичен библиозапис | Да |
| 944 ## - СЪЗДАВАНЕ И РЕДАКЦИЯ на ЗАПИСА | |
| Създаване/Редакция | Създаване |
| Дата на регистрацията/редакция | 2021-09-02 |
| Служител, извършил регистрацията/редакцията | BT |
| 999 ## - СИСТЕМНИ КОНТРОЛНИ НОМЕРА | |
| Koha biblioitemnumber | 423492 |
| 999 ## - СИСТЕМНИ КОНТРОЛНИ НОМЕРА | |
| Koha biblioitemnumber | 423491 |
| 999 ## - СИСТЕМНИ КОНТРОЛНИ НОМЕРА | |
| Koha biblioitemnumber | 423490 |
| 999 ## - СИСТЕМНИ КОНТРОЛНИ НОМЕРА | |
| Koha biblioitemnumber | 423490 |
| 999 ## - СИСТЕМНИ КОНТРОЛНИ НОМЕРА | |
| Koha biblioitemnumber | 423490 |
| Код за отписване | Код за изгубен артикул | Източник на класификационната схема | Код за повреда | Коз за рестрикции | Код за отдаване | Артикулен № | Име на библиотеката - собственик | Име на библиотеката, в която се намира в момента | Статус (Текущо местоположение) | Дата на вписване в системата | Местоположение - отдел | Цена в лева | Инвентарен номер | Систематично азбучна сигнатура | Баркод | Цена в евро | Служебен тип на артикула |
|---|---|---|---|---|---|---|---|---|---|---|---|---|---|---|---|---|---|
| Не е изгубен | Universal Decimal Classification | Не е повреден | само за читалня | Специални фондове ( старопечатни, редки и ценни, фонд М. Арнаудов) | 854538 | Регионална библиотека "Любен Каравелов" Русе | Регионална библиотека "Любен Каравелов" Русе | Редки и ценни | 2021-09-23 | Редки и ценни | 1.12 | 13029/58 | Рф 874 | 900000077241 | 0.57 | Книги |